Laubach way to English, ESOL Teacher's Manual for skill Book2. (Record no. 981)

MARC details
000 -LEADER
fixed length control field 00385nam a22001217a 4500
005 - DATE AND TIME OF LATEST TRANSACTION
control field 20200820142450.0
008 - FIXED-LENGTH DATA ELEMENTS--GENERAL INFORMATION
fixed length control field 200820b ||||| |||| 00| 0 eng d
020 ## - INTERNATIONAL STANDARD BOOK NUMBER
International Standard Book Number 0883363933
040 ## - CATALOGING SOURCE
Transcribing agency CML
245 ## - TITLE STATEMENT
Title Laubach way to English, ESOL Teacher's Manual for skill Book2.
Statement of responsibility, etc. Macero, J.D.
260 ## - PUBLICATION, DISTRIBUTION, ETC.
Place of publication, distribution, etc. New york
Name of publisher, distributor, etc. New Readers
Date of publication, distribution, etc. 1982
942 ## - ADDED ENTRY ELEMENTS (KOHA)
Source of classification or shelving scheme Dewey Decimal Classification
Koha item type Books
Edition 1st Edition
Classification part 372
Call number suffix MAC
Holdings
Withdrawn status Lost status Source of classification or shelving scheme Damaged status Not for loan Collection code Home library Current library Shelving location Date acquired Total Checkouts Full call number Date last seen Copy number Price effective from Koha item type
    Dewey Decimal Classification     Social Sciences Chalimbana Main Library Chalimbana Main Library Social Sciences 08/20/2020   372.407 MAC 08/20/2020 1 08/20/2020 Books

Powered by Koha